Emotions in Indian thought systems (Record no. 137889)

MARC details
000 -LEADER
fixed length control field 00842nam a2200265Ia 4500
003 - CONTROL NUMBER IDENTIFIER
control field OSt
005 - DATE AND TIME OF LATEST TRANSACTION
control field 20220918171115.0
008 - FIXED-LENGTH DATA ELEMENTS--GENERAL INFORMATION
fixed length control field 220917b |||||||| |||| 00| 0 eng d
020 ## - INTERNATIONAL STANDARD BOOK NUMBER
International Standard Book Number 9781138859357 (hbk)
037 ## - SOURCE OF ACQUISITION
Terms of availability Textual
040 ## - CATALOGING SOURCE
Original cataloging agency ARTS
Transcribing agency ARTS
Language of cataloging eng
041 ## - LANGUAGE CODE
Source of code eng
Language code of text/sound track or separate title eng
100 ## - MAIN ENTRY--PERSONAL NAME
Personal name Bilimoria Purushottama Ed.
9 (RLIN) 14500
245 #0 - TITLE STATEMENT
Title Emotions in Indian thought systems
260 ## - PUBLICATION, DISTRIBUTION, ETC.
Place of publication, distribution, etc. London
Name of publisher, distributor, etc. Routledge UK
Date of publication, distribution, etc. 2015
300 ## - PHYSICAL DESCRIPTION
Extent x,289p.
Dimensions cm.
650 ## - SUBJECT ADDED ENTRY--TOPICAL TERM
Topical term or geographic name entry element PHILOSOPHY
700 ## - ADDED ENTRY--PERSONAL NAME
Personal name Wenta Aleksandra Ed.
9 (RLIN) 34136
942 ## - ADDED ENTRY ELEMENTS (KOHA)
Classification part R6,(S:52), Q5
Koha item type Textual
Source of classification or shelving scheme Colon Classification (CC)
Holdings
Withdrawn status Lost status Damaged status Not for loan Home library Current library Date acquired Source of acquisition Cost, normal purchase price Total Checkouts Full call number Barcode Date due Date last seen Date last checked out Cost, replacement price Price effective from Koha item type
        Arts Library Central Library 2022-09-18 3419, 27/03/2015, Sanchit Book Service 850.00 1 R6,(S:52) Q5 AL1572749 2019-07-31 2026-01-07 2026-01-07 850.00 2022-09-18 Textual
Copyright @ Delhi University Library System